书目信息 |
| 题名: |
暗算
|
|
| 作者: | 康纳利 编著 ;张爱平 译 | |
| 分册: | ||
| 出版信息: | 北京 群众出版社 2007.01 |
|
| 页数: | 314页 | |
| 开本: | 23cm | |
| 丛书名: | ||
| 单 册: | ||
| 中图分类: | I712.45 | |
| 科图分类: | ||
| 主题词: | 侦探小说--zhen tan xiao shuo--美国--现代 | |
| 电子资源: | ||
| ISBN: | 978-7-5014-3834-1 | |
| 000 | 00994nam0 2200241 450 | |
| 001 | 012007985406 | |
| 005 | 20071009100052.00 | |
| 010 | @a978-7-5014-3834-1@dCNY32.00 | |
| 100 | @a20070726d2007 km y0chiy0120 ea | |
| 101 | 1 | @achi@ceng |
| 102 | @aCN@b110000 | |
| 105 | @ay z 000ay | |
| 200 | 1 | @a暗算@Aan suan@d= A darkness more than night@f(美) 麦克·康纳利编著@F(mei)mai ke·kang na li bian zhu@g张爱平译@Gzhang ai ping yi@zeng |
| 210 | @a北京@c群众出版社@d2007.01 | |
| 215 | @a314页@d23cm | |
| 330 | @a本书的内容是:血腥的杀人现场,令人费解的杀人方式,放在现场的猫头鹰雕像,在加上被害着生前的累累劣迹,组成了一幅诡异的画面。更让联邦谈员们吃惊的是,他们在一位几百年前的荷兰画家的作品里找到了相似的场景。 | |
| 500 | 10 | @aDarkness more than night@mChinese |
| 606 | 0 | @a侦探小说@Azhen tan xiao shuo@y美国@z现代 |
| 690 | @aI712.45@v4 | |
| 701 | 1 | @a康纳利@Akang na li@g(Connelly, Michael)@4编著 |
| 702 | 0 | @a张爱平@Azhang ai ping@4译 |
| 801 | 0 | @aCN@c20071009 |
| 905 | @dI712.45@eK263 | |
| 暗算= A darkness more than night/(美) 麦克·康纳利编著/张爱平译.-北京:群众出版社,2007.01 |
| 314页;23cm |
| ISBN 978-7-5014-3834-1:CNY32.00 |
| 本书的内容是:血腥的杀人现场,令人费解的杀人方式,放在现场的猫头鹰雕像,在加上被害着生前的累累劣迹,组成了一幅诡异的画面。更让联邦谈员们吃惊的是,他们在一位几百年前的荷兰画家的作品里找到了相似的场景。 |
| ● |
| 相关链接 |
|
|
|
正题名:暗算
索取号:I712.45/K263
 
预约/预借
| 序号 | 登录号 | 条形码 | 馆藏地/架位号 | 状态 | 备注 |
| 1 | 249921 | 202499215 | 文学库116/116文学库 27排5列2层/ [索取号:I712.45/K263] | 在馆 | |
| 2 | 249922 | 202499224 | 文学库116/116文学库 27排5列2层/ [索取号:I712.45/K263] | 在馆 | |
| 3 | 249923 | 202499233 | 文学库116/116文学库 27排5列2层/ [索取号:I712.45/K263] | 在馆 |